| 000 | 01446cam a22004211a 4500 | ||
|---|---|---|---|
| 005 | 20081029040325.0 | ||
| 008 | 060130s2006 enk b 001 0 eng | ||
| 015 |
_aGBA627910 _2bnb |
||
| 016 | 7 |
_a013415153 _2Uk |
|
| 020 | _a9780754647836 | ||
| 020 | _z0754647838 | ||
| 035 | _a(OCoLC)64555382 | ||
| 050 | 4 |
_aHM671 _b.C68 2006 |
|
| 082 | 0 | 4 |
_a340.115 _222 |
| 084 |
_a71.60 _2bcl |
||
| 049 | _aOG#A | ||
| 245 | 0 | 0 |
_aCourts and social transformation in new democracies : _ban institutional voice for the poor? / _cRoberto Gargarella, Pilar Domingo and Theunis Roux. |
| 260 |
_aAldershot : _bAshgate, _c2006. |
||
| 300 |
_axiv, 311 p. ; _c24 cm. |
||
| 504 | _aIncludes bibliographical references and index. | ||
| 650 | 0 | _aSocial rights. | |
| 650 | 0 | _aDistributive justice. | |
| 650 | 0 | _aSociological jurisprudence. | |
| 650 | 0 |
_aSocial rights _vCase studies. |
|
| 650 | 0 |
_aDistributive justice _vCase studies. |
|
| 650 | 0 |
_aSociological jurisprudence _vCase studies. |
|
| 651 | 0 | _aNew democracies. | |
| 651 | 0 |
_aNew democracies _vCase studies. |
|
| 650 | 1 | 7 |
_aSociale rechtvaardigheid. _2gtt |
| 650 | 1 | 7 |
_aDemocratisering. _2gtt |
| 650 | 1 | 7 |
_aRechtbanken. _2gtt |
| 651 | 7 |
_aOntwikkelingslanden. _2gtt |
|
| 700 | 1 |
_aGargarella, Roberto, _d1964- |
|
| 700 | 1 | _aDomingo, Pilar. | |
| 700 | 1 | _aRoux, Theunis. | |
| 994 |
_a02 _bOG# |
||
| 999 |
_c466 _d466 |
||